[Event "25th European Teams Women"]
[Site "Batumi GEO"]
[Date "2025.10.08"]
[Round "4.2"]
[Board "3"]
[White "Schulze, Lara"]
[Black "Beydullayeva, Govhar"]
[Result "1/2-1/2"]
[WhiteTitle "FM"]
[BlackTitle "WGM"]
[WhiteElo "2319"]
[BlackElo "2362"]
[WhiteTeam "Germany"]
[BlackTeam "Azerbaijan"]
[WhiteFideId "12956830"]
[BlackFideId "13413015"]
[EventDate "2025.10.05"]

1. e4 e5 2. Nf3 Nc6 3. Bb5 a6 4. Ba4 Nf6 5. Nc3 b5 6. Bb3 Bc5 7. Nd5 O-O 8. d3
Nxd5 9. Bxd5 Rb8 10. O-O Qe8 11. Be3 Bxe3 12. fxe3 d6 13. Qe1 Be6 14. Qc3 Rb6
15. a4 bxa4 16. Nd2 Bxd5 17. exd5 Ne7 18. e4 c6 19. Nc4 Rb8 20. Nxd6 Qd7 21.
Qxe5 Ng6 22. Qg3 cxd5 23. exd5 Rxb2 24. c4 f5 25. c5 f4 26. Qe1 f3 27. Rxf3 Nf4
28. Rxf4 Rxf4 29. Qe6+ Qxe6 30. dxe6 Rff2 31. e7 Rxg2+ 32. Kf1 Rgf2+ 33. Kg1
Rg2+ 34. Kf1 Rbf2+ 35. Ke1 Re2+ 36. Kf1 Rgf2+ 37. Kg1 Rg2+ 38. Kf1 Rgf2+ 39. Kg1
Rg2+ 40. Kf1 Rgf2+ 1/2-1/2

[Event "25th European Teams Women"]
[Site "Batumi GEO"]
[Date "2025.10.08"]
[Round "4.2"]
[Board "4"]
[White "Mammadova, Gulnar"]
[Black "Dolzhykova, Kateryna"]
[Result "0-1"]
[WhiteTitle "IM"]
[BlackTitle "WGM"]
[WhiteElo "2323"]
[BlackElo "2300"]
[WhiteTeam "Azerbaijan"]
[BlackTeam "Germany"]
[WhiteFideId "13403508"]
[BlackFideId "14113414"]
[EventDate "2025.10.05"]

1. e4 c6 2. d4 d5 3. e5 Bf5 4. Nf3 e6 5. Be2 a6 6. Be3 Bg6 7. h4 Nd7 8. h5 Be4
9. Ng5 Bxg2 10. Rg1 Be4 11. Nxe4 dxe4 12. Nd2 Ne7 13. Nxe4 Nf5 14. Qd3 Qa5+ 15.
c3 h6 16. Bg4 Qd5 17. Bxf5 exf5 18. Nd2 Nxe5 19. Qxf5 Nd7 20. Qxd5 cxd5 21.
O-O-O Nf6 22. Rh1 Ng4 23. Nf3 Be7 24. Rhg1 Nxe3 25. fxe3 O-O 26. Kc2 a5 27. Kd3
f5 28. c4 dxc4+ 29. Kxc4 a4 30. a3 b5+ 31. Kd3 b4 32. axb4 Rfb8 33. Rg2 Rxb4 34.
Rc1 Rab8 35. Rc7 Rb3+ 36. Kc4 Rxe3 37. Ne5 Bg5 38. Ra7 Bf6 39. Nd7 Rc8+ 40. Kd5
Rd8 41. Kc4 Bxd4 42. Kxd4 Re7 43. Kc3 Rdxd7 44. Rxa4 Re3+ 45. Kc2 Rh3 46. Ra5
Rc7+ 47. Kd2 Rxh5 48. Rd5 Kf7 49. b4 Ke6 50. Rb5 Rd7+ 51. Kc2 Rh4 52. Re2+ Re4
53. Rf2 f4 54. Rb8 Kf5 55. b5 Kg4 56. Rg2+ Kf3 57. Rg6 Ke3 58. b6 f3 59. Rf8 f2
60. Rg3+ Ke2 61. Rgf3 Ke1 62. Rxf2 Re2+ 63. Rxe2+ Kxe2 64. Rc8 Rb7 65. Rc7 Rxb6
66. Re7+ Kf2 67. Rxg7 Rd6 68. Kc3 Kf3 69. Rf7+ Kg3 70. Rg7+ Kh4 71. Kc2 h5 72.
Rg8 Kh3 73. Kc1 h4 74. Kc2 Kh2 75. Rg7 h3 76. Rg8 Kh1 77. Rg3 h2 78. Rg7 Rf6 79.
Kd2 Rf1 80. Ke2 Rg1 81. Rh7 Kg2 82. Rg7+ Kh3 83. Rh7+ Kg3 0-1

[Event "25th European Teams Women"]
[Site "Batumi GEO"]
[Date "2025.10.08"]
[Round "4.3"]
[Board "1"]
[White "Daulyte-Cornette, Deimante"]
[Black "Osmak, Yuliia"]
[Result "1/2-1/2"]
[WhiteTitle "IM"]
[BlackTitle "IM"]
[WhiteElo "2386"]
[BlackElo "2464"]
[WhiteTeam "France"]
[BlackTeam "Ukraine"]
[WhiteFideId "12802859"]
[BlackFideId "14101602"]
[EventDate "2025.10.05"]

1. e4 c6 2. d4 d5 3. e5 Bf5 4. Bd3 Bxd3 5. Qxd3 e6 6. Ne2 Ne7 7. Nd2 c5 8. c3
Nec6 9. O-O Be7 10. Qg3 g6 11. Nf3 Qb6 12. dxc5 Qxc5 13. Bg5 Nd7 14. Ned4 Bxg5
15. Qxg5 Qe7 16. Qe3 O-O 17. Rfe1 Rfc8 18. Qh6 Qf8 19. Qh4 Nxd4 20. Nxd4 Rc4 21.
Re3 Rac8 22. f4 Qd8 23. Qf2 Ra4 24. b3 Ra6 25. b4 Nb6 26. Rf1 Nc4 27. Rh3 Qe7
28. g4 f6 29. b5 Ra3 30. Qh4 Rf8 31. Nxe6 Rf7 32. f5 Nxe5 33. Rf2 Ra4 34. Nd4 g5
35. Qg3 Qa3 36. Qg2 Rd7 37. Rg3 Rc4 38. Rc2 Qc5 39. Kh1 Re7 40. Re3 Rc7 41. Ree2
Rd7 42. Qg3 Qd6 1/2-1/2

[Event "25th European Teams Women"]
[Site "Batumi GEO"]
[Date "2025.10.08"]
[Round "4.3"]
[Board "2"]
[White "Ushenina, Anna"]
[Black "Milliet, Sophie"]
[Result "1-0"]
[WhiteTitle "GM"]
[BlackTitle "IM"]
[WhiteElo "2407"]
[BlackElo "2360"]
[WhiteTeam "Ukraine"]
[BlackTeam "France"]
[WhiteFideId "14110911"]
[BlackFideId "623725"]
[EventDate "2025.10.05"]

1. d4 Nf6 2. c4 e6 3. Nf3 d5 4. Nc3 c6 5. e3 Nbd7 6. Be2 Bd6 7. O-O O-O 8. b3 e5
9. dxe5 Nxe5 10. cxd5 Nxf3+ 11. Bxf3 Be5 12. Bb2 Nxd5 13. Bxd5 cxd5 14. Qh5 f5
15. Rad1 Be6 16. Ba1 Bxc3 17. Bxc3 Rc8 18. Rc1 Qe7 19. Bd4 b6 20. h3 Rxc1 21.
Rxc1 Rc8 22. Ra1 Bd7 23. Qf3 Qd6 24. a4 Rf8 25. a5 f4 26. axb6 fxe3 27. Qxe3
axb6 28. Qg5 Qg6 29. Qxg6 hxg6 30. Ra7 Rf7 31. Bxb6 Bc6 32. Ra6 Bb7 33. Ra5 Rf4
34. Ra7 Rf7 35. Bd4 Re7 36. f3 Kf7 37. Kf2 Ke8 38. b4 Kd8 39. b5 Kc7 40. Ra2 Bc8
41. Rc2+ Kb7 42. Rc6 Bf5 43. Rd6 Rd7 44. Rb6+ Kc7 45. Rc6+ Kb7 46. Ke3 Re7+ 47.
Kf4 Bd3 48. Rd6 g5+ 49. Kxg5 Bf1 50. g4 Bxh3 51. Rxd5 Bg2 52. Rf5 Rd7 53. Bc5
Bf1 54. b6 Be2 55. f4 Kc6 56. Re5 Bf3 57. Be3 Rd3 58. f5 Rb3 59. Kf4 Bd5 60. Re7
Rb4+ 61. Kg3 Rb3 62. Rc7+ Kd6 63. Kf4 g5+ 64. fxg6 Be6 65. Bc5+ Kd5 66. b7 Rb5
67. Ba7 Rb4+ 68. Kg5 Rxg4+ 69. Kh6 Rh4+ 70. Kg7 1-0

[Event "25th European Teams Women"]
[Site "Batumi GEO"]
[Date "2025.10.08"]
[Round "4.3"]
[Board "3"]
[White "Guichard, Pauline"]
[Black "Gaponenko, Inna"]
[Result "1-0"]
[WhiteTitle "IM"]
[BlackTitle "IM"]
[WhiteElo "2330"]
[BlackElo "2340"]
[WhiteTeam "France"]
[BlackTeam "Ukraine"]
[WhiteFideId "639370"]
[BlackFideId "14101181"]
[EventDate "2025.10.05"]

1. d4 Nf6 2. c4 e6 3. Nf3 d5 4. Nc3 Be7 5. Bf4 O-O 6. e3 b6 7. Bd3 Ba6 8. Qe2
dxc4 9. Bxc4 Qc8 10. Rc1 Bxc4 11. Qxc4 Na6 12. O-O Qb7 13. Ne5 c5 14. dxc5 Nxc5
15. b4 Nce4 16. Nxe4 Qxe4 17. Nc6 Rfe8 18. Qxe4 Nxe4 19. f3 Nf6 20. e4 Bf8 21.
Rfd1 Rec8 22. Kf1 h6 23. h4 Bc5 24. Rxc5 bxc5 25. Ne7+ Kh7 26. Nxc8 Rxc8 27. Rc1
c4 28. Be3 a6 29. Bc5 a5 30. a3 axb4 31. axb4 g5 32. hxg5 hxg5 33. g4 Kg6 34.
Rxc4 Nd7 35. Rc3 Ra8 36. Ke2 Ra2+ 37. Kd3 f5 38. exf5+ exf5 39. Bd4 fxg4 40.
fxg4 Kf7 41. Ke4 Ra4 42. Rc4 Ke6 43. Rc6+ Ke7 44. b5 Rb4 45. b6 Rb5 46. Kd3 Nb8
47. Rc5 Rb1 48. Rxg5 Nc6 49. Kc2 Rh1 50. Bc5+ Ke6 51. Rh5 Ra1 52. b7 Ra2+ 53.
Kc3 Ra1 54. Rh6+ Kd5 55. Rxc6 1-0

[Event "25th European Teams Women"]
[Site "Batumi GEO"]
[Date "2025.10.08"]
[Round "4.3"]
[Board "4"]
[White "Zhukova, Natalia"]
[Black "Negre, Emilie"]
[Result "1/2-1/2"]
[WhiteTitle "GM"]
[BlackTitle "WFM"]
[WhiteElo "2305"]
[BlackElo "2221"]
[WhiteTeam "Ukraine"]
[BlackTeam "France"]
[WhiteFideId "14101513"]
[BlackFideId "45187223"]
[EventDate "2025.10.05"]

1. Nf3 d5 2. g3 Nf6 3. Bg2 e6 4. O-O Be7 5. c4 O-O 6. b3 d4 7. e3 c5 8. exd4
cxd4 9. Re1 Nc6 10. Bb2 Re8 11. Ne5 Nxe5 12. Rxe5 Bd6 13. Bxd4 Bxe5 14. Bxe5 Nd7
15. Bb2 e5 16. Nc3 Nc5 17. Nd5 Nd3 18. Bc3 Be6 19. Qe2 Bxd5 20. Bxd5 Nc5 21. Qe3
Qc7 22. Re1 Nd7 23. d4 e4 24. Bxe4 Nf6 25. f3 Rac8 26. Qd3 Nxe4 27. fxe4 f6 28.
c5 b6 29. b4 Kh8 30. Bd2 bxc5 31. bxc5 Qc6 32. Bf4 f5 33. Be5 Rxe5 34. dxe5
Qxc5+ 35. Re3 Qxe5 36. exf5 Qa1+ 37. Qf1 Qxa2 38. f6 Qf7 39. fxg7+ Qxg7 40. Qd3
Rf8 41. Rf3 1/2-1/2

[Event "25th European Teams Women"]
[Site "Batumi GEO"]
[Date "2025.10.08"]
[Round "4.4"]
[Board "1"]
[White "Gaal, Zsoka"]
[Black "Dzagnidze, Nana"]
[Result "1/2-1/2"]
[WhiteTitle "WGM"]
[BlackTitle "GM"]
[WhiteElo "2395"]
[BlackElo "2496"]
[WhiteTeam "Hungary"]
[BlackTeam "Georgia 1"]
[WhiteFideId "777765"]
[BlackFideId "13601903"]
[EventDate "2025.10.05"]

1. d4 d5 2. c4 e6 3. Nc3 Nc6 4. Nf3 Nf6 5. Bg5 dxc4 6. e3 Na5 7. Ne5 a6 8. Nxc4
Nxc4 9. Bxc4 c5 10. Qf3 Be7 11. dxc5 Qa5 12. c6 O-O 13. cxb7 Rb8 14. bxc8=Q
Rfxc8 15. Qe2 Qxg5 16. O-O a5 17. Bb3 Nd7 18. Ne4 Qe5 19. Rad1 Nc5 20. Nxc5 Rxc5
21. Rd4 Bf6 22. Rfd1 h6 23. g3 Qf5 24. Rf4 Qe5 25. Rfd4 Qf5 26. R4d2 Rbc8 27. e4
Qh3 28. f4 Rc1 29. Qf1 Rxd1 30. Bxd1 Qxf1+ 31. Kxf1 g5 32. Ke2 gxf4 33. gxf4 Rd8
34. Rc2 Rd4 35. Rc8+ Kg7 36. Bc2 Rd8 37. Rxd8 Bxd8 38. h3 Bc7 39. Kf3 Bb6 40.
Bd3 Kf6 41. b3 Bc5 42. Kg4 Be3 43. Bc4 Bc1 44. e5+ Ke7 45. f5 exf5+ 46. Kxf5 Bb2
47. Ke4 Ba3 48. Kd5 Bb2 49. Be2 Kd7 50. Bg4+ Ke7 51. Bf5 Kf8 52. Kd6 Kg7 53. Be4
Kf8 54. h4 Kg7 55. h5 Kf8 56. Bd5 Kg7 57. e6 fxe6 58. Kxe6 Ba3 59. Be4 Bb2 60.
Bg6 Ba3 61. Kd5 Kf6 62. Kc6 Ke7 63. Kb6 Bb4 64. a3 Bxa3 65. Kxa5 Kd7 66. Kb6 Kc8
67. Kc6 1/2-1/2

[Event "25th European Teams Women"]
[Site "Batumi GEO"]
[Date "2025.10.08"]
[Round "4.4"]
[Board "2"]
[White "Batsiashvili, Nino"]
[Black "Nomin-Erdene, Davaademberel"]
[Result "1-0"]
[WhiteTitle "GM"]
[BlackTitle "IM"]
[WhiteElo "2469"]
[BlackElo "2306"]
[WhiteTeam "Georgia 1"]
[BlackTeam "Hungary"]
[WhiteFideId "13602993"]
[BlackFideId "4900782"]
[EventDate "2025.10.05"]

1. d4 d5 2. c4 e6 3. Nc3 Nf6 4. cxd5 exd5 5. Bg5 c6 6. e3 Bd6 7. Bd3 O-O 8. Nf3
Re8 9. O-O Bg4 10. Qc2 h6 11. Bh4 Nbd7 12. Nd2 Bh5 13. Rae1 Qc7 14. Bg3 Bxg3 15.
hxg3 Re7 16. b4 Rae8 17. Ne2 Bxe2 18. Bxe2 Qd6 19. Rc1 Rc8 20. Rfd1 g6 21. Qb2
a6 22. a4 Nf8 23. b5 axb5 24. axb5 Ne6 25. bxc6 bxc6 26. Ra1 Rb8 27. Qc3 Reb7
28. Ra6 Rb6 29. Rc1 Rxa6 30. Bxa6 Rb6 31. Bd3 Kg7 32. Nb3 Ng5 33. Nc5 Ng4 34.
Qc2 Kh7 35. Na4 Rb4 36. Nc3 h5 37. Ne2 Rb6 38. Nf4 Kg7 39. Be2 Ne4 40. Nd3 Qf6
41. Bxg4 hxg4 42. Ne5 Qf5 43. Qe2 Rb8 44. Rf1 c5 45. Qxg4 Qxg4 46. Nxg4 c4 47.
Rc1 Rb2 48. Kh2 Nd2 49. Kg1 Nb3 50. Rc3 Rb1+ 51. Kh2 Nd2 52. Rc2 Rd1 53. Ne5 f6
54. Nc6 f5 55. g4 Nf1+ 56. Kh3 Rd2 57. Rxd2 Nxd2 58. gxf5 gxf5 59. Nb4 c3 60.
Kg3 Ne4+ 61. Kf3 Kf7 62. Ke2 Ke6 63. f3 Nd2 64. Kd3 Nf1 65. Nc2 Ng3 66. Kxc3 Nf1
67. Kd3 Ng3 68. Nb4 Nh5 69. Ke2 Nf6 70. Nd3 Kd6 71. Kf2 Nh5 72. Nf4 Nf6 73. Kg3
Nd7 74. Nh5 Nb6 75. Kf4 Nc4 76. Ng7 Ke7 77. Nxf5+ Kf6 78. g4 1-0

[Event "25th European Teams Women"]
[Site "Batumi GEO"]
[Date "2025.10.08"]
[Round "4.4"]
[Board "3"]
[White "Papp, Petra"]
[Black "Khotenashvili, Bella"]
[Result "0-1"]
[WhiteTitle "WGM"]
[BlackTitle "GM"]
[WhiteElo "2267"]
[BlackElo "2416"]
[WhiteTeam "Hungary"]
[BlackTeam "Georgia 1"]
[WhiteFideId "739049"]
[BlackFideId "13602640"]
[EventDate "2025.10.05"]

1. e4 e5 2. Nf3 Nc6 3. Nc3 Nf6 4. d4 exd4 5. Nxd4 Bb4 6. Nxc6 bxc6 7. Bd3 d5 8.
exd5 cxd5 9. O-O O-O 10. h3 Rb8 11. Be3 a5 12. a3 Be7 13. b3 Be6 14. Na4 Nd7 15.
Bf4 Nc5 16. Nxc5 Bxc5 17. Qh5 g6 18. Qf3 Bd6 19. Bxd6 Qxd6 20. Qf6 c5 21. h4
Rfd8 22. Rfe1 Qf8 23. h5 c4 24. bxc4 dxc4 25. Be4 Rd6 26. Qe5 a4 27. Qa5 Qe8 28.
h6 Rbd8 29. Rab1 Qf8 30. Qg5 f6 31. Qe3 Bf7 32. g3 Re6 33. Qc3 Rde8 34. Bf3
Rxe1+ 35. Rxe1 Rxe1+ 36. Qxe1 Qxa3 37. Kg2 Qf8 38. Qa1 Qxh6 39. Qxa4 Qd2 40.
Qa8+ Kg7 41. Qe4 h5 42. Qe7 Qd4 43. Qc7 h4 44. gxh4 Qxh4 45. Qe7 Qg5+ 46. Kf1
Qf5 47. Be4 Qh3+ 48. Bg2 Qg4 49. Be4 Qd1+ 50. Kg2 Qe2 51. Qb7 Qg4+ 52. Kh2 Qe6
53. Kg2 g5 54. Qc6 Qe5 55. Kg1 f5 56. Bg2 Qe1+ 57. Bf1 g4 58. Qd7 Qe4 59. c3 Qf4
60. Qe7 Kg6 61. Qd7 Kg7 62. Qe7 Kg6 63. Qd7 Qe5 64. Qc6+ Qf6 65. Qxf6+ Kxf6 66.
Bg2 Ke5 67. Bc6 Bd5 68. Bd7 Kf4 69. Bb5 Kf3 70. Kf1 g3 71. fxg3 Kxg3 72. Bd7 f4
73. Ke2 f3+ 0-1

[Event "25th European Teams Women"]
[Site "Batumi GEO"]
[Date "2025.10.08"]
[Round "4.4"]
[Board "4"]
[White "Arabidze, Meri"]
[Black "Terbe, Julianna"]
[Result "1-0"]
[WhiteTitle "IM"]
[BlackTitle "WIM"]
[WhiteElo "2417"]
[BlackElo "2206"]
[WhiteTeam "Georgia 1"]
[BlackTeam "Hungary"]
[WhiteFideId "13604040"]
[BlackFideId "708780"]
[EventDate "2025.10.05"]

1. d4 d5 2. c4 c6 3. cxd5 cxd5 4. Nf3 Nf6 5. Nc3 Nc6 6. Bf4 Bf5 7. e3 e6 8. Bb5
Nd7 9. O-O Rc8 10. Rc1 Be7 11. Na4 O-O 12. h3 h6 13. a3 g5 14. Bg3 h5 15. Nc5
Nxc5 16. dxc5 Bf6 17. Nd4 Bg6 18. Bd6 Ne7 19. Be2 h4 20. b4 Kg7 21. Bg4 Qd7 22.
Nf3 Rfe8 23. Ne5 Bxe5 24. Bxe5+ f6 25. Bb2 Ng8 26. f4 Kh6 27. fxg5+ fxg5 28. Qd4
Qh7 29. Rf2 Rcd8 30. Qe5 Ne7 31. Rf6 Nc6 32. Qc3 Rf8 33. Rcf1 Rxf6 34. Qxf6 Re8
35. Bxe6 Qe7 36. Bxd5 Qxe3+ 37. Kh1 Ne5 38. Bxe5 Qxe5 39. Qxe5 Rxe5 40. Bxb7 Re2
41. Rc1 Re3 42. a4 Rb3 43. b5 Rb4 44. a5 Rxb5 45. a6 1-0

[Event "25th European Teams Women"]
[Site "Batumi GEO"]
[Date "2025.10.08"]
[Round "4.5"]
[Board "1"]
[White "Efroimski, Marsel"]
[Black "Mkrtchian, Lilit"]
[Result "1-0"]
[WhiteTitle "IM"]
[BlackTitle "IM"]
[WhiteElo "2380"]
[BlackElo "2377"]
[WhiteTeam "Israel"]
[BlackTeam "Armenia"]
[WhiteFideId "2810964"]
[BlackFideId "13300601"]
[EventDate "2025.10.05"]

1. e4 c6 2. d4 d5 3. e5 Bf5 4. h4 h5 5. Bd3 Bxd3 6. Qxd3 Qa5+ 7. Nd2 e6 8. Nf3
Nh6 9. O-O Nf5 10. Nb3 Qa6 11. Qd1 b6 12. a4 c5 13. dxc5 bxc5 14. Bg5 Nc6 15.
Nc1 c4 16. Ne2 Bc5 17. b3 Rc8 18. Kh1 cxb3 19. cxb3 Qb6 20. Rc1 O-O 21. Ng3 Bxf2
22. Nxf5 exf5 23. Qxd5 Nb4 24. Qd7 Rxc1 25. Rxc1 Bc5 26. Qxf5 Na6 27. Qd3 Re8
28. Qb5 Rb8 29. Qc4 Qe6 30. Qxe6 fxe6 31. Nd2 Kf7 32. Ne4 Bd4 33. Nd6+ Kg6 34.
Nb5 Bxe5 35. Be3 Rd8 36. Bxa7 Rd3 37. Rb1 Bg3 38. Nd4 e5 39. Ne2 Bxh4 40. b4 Ra3
41. b5 Rxa4 42. bxa6 Rxa6 43. Bg1 Bf6 44. Nc3 Rc6 45. Nd5 Rd6 46. Rb5 Kf5 47.
Bb6 Ke6 48. Nc3 Rd3 49. Ne4 Kf5 50. Rb4 Kg6 51. Kg1 Kf5 52. Kf2 Kg6 53. Bc5 Kf5
54. Ng3+ Kg6 55. Rb6 Rc3 56. Ne4 Rc2+ 57. Kf3 Kf7 58. Bf2 Ra2 59. Nxf6 gxf6 60.
Bh4 Ra3+ 61. Kf2 Ra2+ 62. Kg3 Ra3+ 63. Kh2 Ra4 64. Bxf6 e4 65. Kg3 Ra3+ 66. Kf4
Ra2 67. Bb2 Ra4 68. Be5 Ra2 69. Rb2 1-0

[Event "25th European Teams Women"]
[Site "Batumi GEO"]
[Date "2025.10.08"]
[Round "4.5"]
[Board "2"]
[White "Mkrtchyan, Mariam"]
[Black "Orian, Noga"]
[Result "1/2-1/2"]
[WhiteTitle "WIM"]
[BlackTitle "WIM"]
[WhiteElo "2318"]
[BlackElo "2235"]
[WhiteTeam "Armenia"]
[BlackTeam "Israel"]
[WhiteFideId "13310828"]
[BlackFideId "2836475"]
[EventDate "2025.10.05"]

1. d4 Nf6 2. c4 e6 3. Nf3 b6 4. g3 Ba6 5. b3 Bb4+ 6. Bd2 Be7 7. Nc3 d5 8. cxd5
exd5 9. Bg2 O-O 10. O-O Nbd7 11. Bf4 Re8 12. Ne5 Bb7 13. Rc1 Nf8 14. Rc2 Ne6 15.
Bc1 Bd6 16. Nf3 Ne4 17. Bb2 Nxc3 18. Bxc3 a5 19. Qb1 Qe7 20. Rfc1 Ra7 21. e3 Nf8
22. Ne5 Ng6 23. Nd3 Ba6 24. Rd2 c6 25. Ba1 Rc7 26. Ne1 Qe6 27. Nf3 f6 28. Bc3
Qe7 29. Bh3 Bc8 30. Bf5 Bxf5 31. Qxf5 Qe4 32. Qh5 Rec8 33. Rcd1 Ra8 34. a4 Rb7
35. Ra2 Rc8 36. Nd2 Qe6 37. Qf3 Ne7 38. Re1 Qf5 39. Qe2 Re8 40. e4 dxe4 41. Nxe4
Qd7 42. Nxd6 Qxd6 43. Qa6 Reb8 44. Rae2 Nd5 45. Bd2 Kf7 46. Qd3 g6 47. Qe4 Rh8
48. h4 Re7 49. Qf3 Rhe8 50. Rxe7+ Rxe7 51. Rc1 Qe6 52. Kg2 Ke8 53. Re1 Qd7 54.
Rb1 Qd6 55. Rc1 Qe6 56. Re1 Qd7 57. Rb1 Qd6 58. Rc1 Qe6 1/2-1/2

[Event "25th European Teams Women"]
[Site "Batumi GEO"]
[Date "2025.10.08"]
[Round "4.5"]
[Board "3"]
[White "Kochavi, Dana"]
[Black "Danielian, Elina"]
[Result "0-1"]
[WhiteTitle "FM"]
[BlackTitle "GM"]
[WhiteElo "2168"]
[BlackElo "2410"]
[WhiteTeam "Israel"]
[BlackTeam "Armenia"]
[WhiteFideId "2837137"]
[BlackFideId "13300210"]
[EventDate "2025.10.05"]

1. e4 e6 2. d4 d5 3. Nc3 Bb4 4. e5 c5 5. a3 Bxc3+ 6. bxc3 Qa5 7. Bd2 Qa4 8. Qg4
Kf8 9. Nf3 Ne7 10. Bd3 h6 11. c4 b6 12. O-O Nbc6 13. Qf4 Ba6 14. dxc5 Bxc4 15.
cxb6 axb6 16. Be3 Bxd3 17. Qxa4 Rxa4 18. cxd3 d4 19. Bd2 Ke8 20. Rfc1 Kd7 21.
Rc4 Rha8 22. Rd1 Rxa3 23. Bb4 Ra1 24. Rf1 b5 25. Rc5 Nxb4 26. Nxd4 Nxd3 27. Rxb5
Ng6 28. Rb7+ Ke8 29. Nb5 Kf8 30. g3 Ngxe5 31. Nc3 g5 32. h3 Nf3+ 33. Kg2 Nde1+
34. Kh1 Nd2 35. Rg1 Nef3 36. Rb8+ Kg7 0-1

[Event "25th European Teams Women"]
[Site "Batumi GEO"]
[Date "2025.10.08"]
[Round "4.5"]
[Board "4"]
[White "Gevorgyan, Maria"]
[Black "Tashkinova, Sofiia"]
[Result "1/2-1/2"]
[WhiteTitle "WGM"]
[BlackTitle "WFM"]
[WhiteElo "2242"]
[BlackElo "2036"]
[WhiteTeam "Armenia"]
[BlackTeam "Israel"]
[WhiteFideId "13300270"]
[BlackFideId "14188309"]
[EventDate "2025.10.05"]

1. d4 Nf6 2. Nf3 e6 3. e3 b6 4. Bd3 Bb7 5. O-O Be7 6. b3 O-O 7. Bb2 c5 8. c4
cxd4 9. exd4 d5 10. Nbd2 Nc6 11. Rc1 Rc8 12. Qe2 Na5 13. Ne5 Bd6 14. a3 dxc4 15.
bxc4 Qe7 16. Rc3 Nc6 17. Nxc6 Bxc6 18. Bb1 Qb7 19. f4 b5 20. Rh3 bxc4 21. Nxc4
Bxg2 22. Qxg2 Qxg2+ 23. Kxg2 Rxc4 24. Bd3 Ra4 25. Bc2 Ra5 26. f5 exf5 27. Rxf5
Rxf5 28. Bxf5 g6 29. Bc2 Nd5 30. Rb3 Re8 31. Kf2 Bxh2 32. Rb7 Rb8 33. Rxb8+ Bxb8
34. Bb3 Nf4 35. Bc3 h5 36. d5 Bd6 37. Kf3 g5 38. Bf6 g4+ 39. Ke4 Ng6 40. a4 h4
41. Bd1 g3 42. Bg4 g2 43. Bd4 Bh2 44. Bxa7 g1=Q 45. Bxg1 Bxg1 46. a5 Kf8 47. d6
Ke8 48. a6 Nf8 49. Kd5 Nd7 50. Kc6 Ne5+ 51. Kc7 f6 52. d7+ Nxd7 53. Bxd7+ Kf7
54. Bf5 Kg7 55. Kd6 Kh6 56. Kd5 Kg5 57. Ke4 Ba7 58. Bh3 1/2-1/2

[Event "25th European Teams Women"]
[Site "Batumi GEO"]
[Date "2025.10.08"]
[Round "4.6"]
[Board "1"]
[White "Kosteniuk, Alexandra"]
[Black "Bulmaga, Irina"]
[Result "1-0"]
[WhiteTitle "GM"]
[BlackTitle "IM"]
[WhiteElo "2469"]
[BlackElo "2396"]
[WhiteTeam "Switzerland"]
[BlackTeam "Romania"]
[WhiteFideId "4128125"]
[BlackFideId "13903063"]
[EventDate "2025.10.05"]

1. e4 e5 2. Nf3 Nc6 3. Bb5 a6 4. Ba4 d6 5. O-O Bd7 6. d4 Nf6 7. c4 Nxd4 8. Bxd7+
Qxd7 9. Nxd4 exd4 10. Qxd4 Be7 11. Nc3 O-O 12. b3 Rfe8 13. Bb2 Bf8 14. Rad1 Rad8
15. Rfe1 b5 16. Nd5 Nxd5 17. cxd5 c5 18. dxc6 Qxc6 19. Re3 Qc5 20. Qd2 Re6 21.
Rc1 Qg5 22. Qd5 h6 23. Rc6 Rde8 24. Qxg5 hxg5 25. Rxa6 Rxe4 26. Rxe4 Rxe4 27.
Kf1 f6 28. Rb6 b4 29. f3 Rh4 30. h3 Kf7 31. g3 Rxh3 32. Kg2 Rh8 33. Rxb4 Be7 34.
a4 Rc8 35. Bd4 Rc2+ 36. Kf1 d5 37. Rb7 Ke6 38. a5 Ra2 39. b4 Ra4 40. Rb6+ Kf5
41. a6 Bxb4 42. a7 Rxa7 43. Rxb4 Rc7 44. Be3 Rc2 45. g4+ Kg6 46. Rb7 Kh7 47. Rd7
Kg8 48. Rxd5 Ra2 49. Rd7 Rc2 50. Bd2 Ra2 51. Ke2 Ra3 52. Rc7 Rb3 53. Bc3 Rb6 54.
Bd4 Re6+ 55. Kd3 Re1 56. Be3 Kh7 57. Rc1 1-0

[Event "25th European Teams Women"]
[Site "Batumi GEO"]
[Date "2025.10.08"]
[Round "4.6"]
[Board "2"]
[White "Cosma, Elena-Luminita"]
[Black "Manko, Mariia"]
[Result "1/2-1/2"]
[WhiteTitle "WGM"]
[BlackTitle "WIM"]
[WhiteElo "2237"]
[BlackElo "2298"]
[WhiteTeam "Romania"]
[BlackTeam "Switzerland"]
[WhiteFideId "1201590"]
[BlackFideId "14199220"]
[EventDate "2025.10.05"]

1. Nf3 d5 2. g3 c5 3. Bg2 Nf6 4. O-O Nc6 5. d4 e6 6. c4 dxc4 7. dxc5 Qxd1 8.
Rxd1 Bxc5 9. Nbd2 c3 10. bxc3 O-O 11. Nb3 Be7 12. Nfd4 Nxd4 13. cxd4 Nd5 14. Na5
Bb4 15. Nc4 Bd7 16. Bd2 Bxd2 17. Rxd2 Rac8 18. Bxd5 exd5 19. Ne3 Be6 20. Rb2 b6
21. a4 Rc6 22. Kg2 Rb8 23. Ra3 Kf8 24. f4 g6 25. g4 Re8 26. a5 Bc8 27. axb6 axb6
28. Kf2 Re4 29. Nxd5 Rxd4 30. Rxb6 Rxb6 31. Nxb6 Bxg4 32. Ra4 Rd2 33. Re4 Bf5
34. Nc4 Rc2 35. Rd4 Bg4 36. Nd2 h5 37. Nf3 Kg7 38. Rd2 Rc4 39. Rd4 Rc3 40. Ne5
Be6 41. Rd3 Rc1 42. Nf3 Kf6 43. e4 Bg4 44. Ne5 Rc2+ 45. Kg3 Be6 46. Nf3 Kg7 47.
Ng5 Rc6 1/2-1/2

[Event "25th European Teams Women"]
[Site "Batumi GEO"]
[Date "2025.10.08"]
[Round "4.6"]
[Board "3"]
[White "Hakimifard, Ghazal"]
[Black "Sandu, Mihaela"]
[Result "1/2-1/2"]
[WhiteTitle "WGM"]
[BlackTitle "WGM"]
[WhiteElo "2206"]
[BlackElo "2203"]
[WhiteTeam "Switzerland"]
[BlackTeam "Romania"]
[WhiteFideId "12506540"]
[BlackFideId "1204327"]
[EventDate "2025.10.05"]

1. e4 e5 2. Nf3 Nc6 3. d4 exd4 4. Nxd4 Nf6 5. Nc3 Bb4 6. Nxc6 bxc6 7. Bd3 d5 8.
exd5 O-O 9. O-O cxd5 10. h3 c6 11. Qf3 Bd6 12. Re1 Rb8 13. b3 Be6 14. Bb2 Nd7
15. Qh5 Nf6 16. Qf3 Nd7 17. Na4 Qh4 18. Rad1 Rfe8 19. c4 Nb6 20. Nxb6 axb6 21.
Be5 Bxe5 22. Rxe5 g6 23. Rde1 Red8 24. cxd5 cxd5 25. Qe3 d4 26. Qf3 Rbc8 27. Qb7
Rb8 28. Qc6 Qf4 29. Qb5 Kg7 30. R5e4 Qf6 31. Re5 Qf4 32. R5e4 Qf6 33. Re5 Qf4
34. R5e4 Qf6 1/2-1/2

[Event "25th European Teams Women"]
[Site "Batumi GEO"]
[Date "2025.10.08"]
[Round "4.6"]
[Board "4"]
[White "Lehaci, Miruna-Daria"]
[Black "Shatil, Or"]
[Result "1-0"]
[WhiteTitle "WIM"]
[BlackTitle "WIM"]
[WhiteElo "2212"]
[BlackElo "2184"]
[WhiteTeam "Romania"]
[BlackTeam "Switzerland"]
[WhiteFideId "1234765"]
[BlackFideId "2842475"]
[EventDate "2025.10.05"]

1. e4 c6 2. d4 d5 3. e5 c5 4. Nf3 cxd4 5. Qxd4 Nc6 6. Qf4 e6 7. Bd3 Nb4 8. Bd2
Nxd3+ 9. cxd3 h6 10. h4 Ne7 11. Nc3 Nc6 12. a3 Bd7 13. b4 Rc8 14. Rh3 a5 15. b5
Na7 16. a4 Bb4 17. Ne2 Bxd2+ 18. Nxd2 b6 19. Rg3 g6 20. h5 g5 21. Qd4 Rf8 22.
Rf3 Qc7 23. Rf6 Rh8 24. g4 Qc5 25. Nf1 Qxd4 26. Nxd4 Kf8 27. Ne3 Kg7 28. Kd2 Rc5
29. f4 gxf4 30. Rxf4 Nc8 31. Raf1 Be8 32. Rg1 Rg8 33. g5 hxg5 34. Rxg5+ Kh7 35.
Rxg8 Kxg8 36. Ng4 Ne7 37. Nf6+ Kf8 38. Rg4 Rc8 39. Nh7# 1-0